[Event "Gaprindashvili Cup Open II Stage 2020"]
[Site "Online"]
[Date "2020.11.08"]
[Round "8.14"]
[White "Tsanatsqenishvili, Alexandre"]
[Black "Didmanidze, Tengiz"]
[Result "1-0"]
[WhiteElo "1702"]
[BlackElo "1922"]
[Annotator "TA"]
[PlyCount "75"]
[EventDate "2020.11.04"]
[EventType "swiss"]
[SourceTitle "playchess.com"]
[Source "ChessBase"]
[SourceQuality "1"]

{[%evp 11,75,0,49,24,40,27,42,27,17,-7,53,37,70,62,67,19,33,-12,-17,-114,-103,-125,-70,-130,-151,-204,-127,-201,-153,-129,-140,-150,-140,-291,-309,-310,-308,-275,-202,-199,-201,-182,-111,-142,-31,-324,373,373,368,360,359,357,334,-132,-142,-125,12820,12814,2314,2254,7236,7662,12839,5410,5189,2337]} 1. e4 c5 2. Nf3 d6 3. d4 cxd4 4. Nxd4 Nf6 5. Nc3 a6 6. h3 g6 7. Be3 {B90: Sicilian Najdorf: Unusual White 6th moves, 6 Be3 Ng4 and 6 Be3 e5.} Bg7 8. Qd2 O-O 9. g4 {White is slightly better.} b5 10. g5 {[#]} Nh5 $146 ({Black should try} 10... b4 $1 $11 11. gxf6 bxc3 12. Qxc3 Bxf6) ({Predecessor:} 10... Nfd7 11. O-O-O Bb7 12. Kb1 Nb6 13. Nb3 N8d7 14. Na5 Bxc3 15. Qxc3 Bxe4 16. Bd3 Bxh1 17. Rxh1 {0-1 (43) Zharkov,N (2040)-Kozionov,K (2461) Ekaterinburg 2018}) 11. Be2 $14 e5 12. Nb3 $1 {Qd5 is the strong threat.} Nf4 13. Bxf4 exf4 14. O-O-O Qxg5 15. Nd5 (15. h4 $11 Qf6 16. Qxd6) 15... Qe5 {[%csl Gg7][%cal Re5b2]} 16. c3 Bb7 (16... Nc6 $17 17. Bg4 Be6) 17. Bf3 (17. Na5 $15 Bxd5 18. Qxd5) 17... Nc6 $17 18. h4 (18. Kb1 $17 {keeps fighting.}) 18... h5 19. Rdg1 (19. Kb1 $17 {was called for.}) 19... Rac8 20. Rg5 Qe8 $1 21. Qxf4 Ne5 22. Be2 $2 (22. Nf6+ $17 {is the only way for White.} Bxf6 23. Qxf6) 22... Bxd5 $19 23. exd5 Bh6 {[%mdl 64] Skewer} 24. Rhg1 Qe7 {[%mdl 64] Pin} ({Resist} 24... Bxg5 25. Rxg5 Qe7 26. Nd4 $17) 25. Nd4 Bxg5 26. Rxg5 b4 (26... Rfe8 $19 {White must now prevent ...b4.} 27. a3 Rc5) 27. Nf5 $17 Qc7 {[#]} ({Black should play} 27... Qd7 $17 28. Rxh5 gxf5) 28. Rxh5 $1 {[%mdl 8704]} gxf5 $4 {[%mdl 8192]} ({Worse is} 28... gxh5 29. Qg5+ Ng6 30. Qf6 Qxc3+ 31. bxc3 Rxc3+ {[#]} 32. Kd2 $1 {[%mdl 512]} Rc2+ 33. Kd3 $1 {[%mdl 512]} Nf4+ 34. Kxc2) (28... f6 $1 $19 29. Qg3 bxc3) 29. Qh6 $18 {[%csl Gh5][%cal Rh6h8]} f6 {Threatens to win with ...Qg7.} 30. Qh8+ Kf7 31. Rh7+ {[%mdl 64] Skewer} Ke8 32. Bh5+ $2 ({White must play} 32. Rxc7 $18 Rxc7 33. Qh5+ Kd8 34. Qxf5) 32... Nf7 $17 33. Qxf6 {And now Bxf7+ would win.} bxc3 $2 {[%mdl 8192]} (33... Qe7 $17 34. Qe6 Qxe6 35. dxe6 {[%mdl 64] Pin} bxc3) 34. Bxf7+ $18 {White is clearly winning.} Qxf7 35. Rxf7 Rxf7 36. Qe6+ {[%mdl 64] Double Attack} Kd8 37. Qxf7 cxb2+ 38. Kxb2 {NOTEXT-5218: White=0.72/Black=0.52} 1-0

[Event "Gaprindashvili Cup Open II Stage 2020"]
[Site "Online"]
[Date "2020.11.08"]
[Round "8.15"]
[White "Kachkachishvili, Lasha"]
[Black "Tsanatsqenishvili, Giorgi"]
[Result "1-0"]
[WhiteElo "1681"]
[BlackElo "1631"]
[Annotator "NA"]
[PlyCount "195"]
[EventDate "2020.11.04"]
[EventType "swiss"]
[SourceTitle "playchess.com"]
[Source "ChessBase"]
[SourceQuality "1"]
[TimeControl "1500+5"]

1. b3 {[%emt 0:00:12]} Nf6 {[%emt 0:00:03]} 2. Bb2 {[%emt 0:00:02]} d5 {[%emt 0:00:02]} 3. e3 {[%emt 0:00:01]} a6 {[%emt 0:00:02]} 4. a4 {[%emt 0:00:06]} Bf5 {[%emt 0:00:02]} 5. Nf3 {[%emt 0:00:02]} h6 {[%emt 0:00:03]} 6. Be2 {[%emt 0:00:07]} Nc6 {[%emt 0:00:04]} 7. O-O {[%emt 0:00:02]} e6 {[%emt 0:00:02]} 8. h3 {[%emt 0:00:03]} Bd6 {[%emt 0:00:03]} 9. d4 {[%emt 0:00:07]} O-O {[%emt 0:00:36]} 10. Bd3 {[%emt 0:00:22]} Ne4 {[%emt 0:00:05]} 11. Nbd2 {[%emt 0:00:13]} Qf6 {[%emt 0:00:33]} 12. Rb1 {[%emt 0:02:03]} e5 {[%emt 0:01:07]} 13. Bxe4 {[%emt 0:00:46]} dxe4 {[%emt 0:00:10]} 14. Nxe5 {[%emt 0:00:05]} Nxe5 {[%emt 0:00:01]} 15. dxe5 {[%emt 0:00:01]} Bxe5 {[%emt 0:00:02]} 16. Bxe5 {[%emt 0:00:02]} Qxe5 {[%emt 0:00:02]} 17. Nc4 {[%emt 0:00:03]} Qf6 {[%emt 0:00:17]} 18. Qd5 {[%emt 0:00:48]} c6 {[%emt 0:00:42]} 19. Qe5 {[%emt 0:00:25]} Qxe5 {[%emt 0:02:39]} 20. Nxe5 {[%emt 0:00:04]} Rfd8 {[%emt 0:00:12]} 21. Rfd1 {[%emt 0:00:06]} Be6 {[%emt 0:00:03]} 22. a5 {[%emt 0:01:19]} Kf8 {[%emt 0:00:10]} 23. Kf1 {[%emt 0:00:37]} Ke7 {[%emt 0:00:18]} 24. Ke2 {[%emt 0:00:05]} h5 {[%emt 0:02:36]} 25. Rd4 {[%emt 0:01:50]} Rd5 {[%emt 0:03:07]} 26. Nc4 {[%emt 0:03:07]} Rxd4 {[%emt 0:02:21]} 27. exd4 {[%emt 0:00:05]} g5 {[%emt 0:00:02]} 28. Ke3 {[%emt 0:03:37]} f5 {[%emt 0:00:12]} 29. Ne5 {[%emt 0:00:11]} Kf6 {[%emt 0:00:14]} 30. g4 {[%emt 0:02:48]} c5 {[%emt 0:02:17]} 31. c3 {[%emt 0:02:10]} hxg4 {[%emt 0:01:26]} 32. hxg4 {[%emt 0:00:04]} Rh8 {[%emt 0:00:04]} 33. gxf5 {[%emt 0:01:43]} Rh3+ {[%emt 0:00:35]} 34. Kd2 {[%emt 0:00:16]} Kxf5 {[%emt 0:00:01]} 35. Nc4 {[%emt 0:01:13]} Bxc4 {[%emt 0:00:30]} 36. bxc4 {[%emt 0:00:03]} cxd4 {[%emt 0:00:01]} 37. cxd4 {[%emt 0:00:04]} Rd3+ {[%emt 0:00:03]} 38. Ke2 {[%emt 0:00:08]} Rxd4 {[%emt 0:00:01]} 39. Rxb7 {[%emt 0:00:05]} Rxc4 {[%emt 0:00:02]} 40. Rb6 {[%emt 0:00:07]} Rc2+ {[%emt 0:00:40]} 41. Ke3 {[%emt 0:00:07]} Rc3+ {[%emt 0:00:12]} 42. Ke2 {[%emt 0:00:02]} Ra3 {[%emt 0:00:28]} 43. Rxa6 {[%emt 0:00:04]} Kf4 {[%emt 0:00:10]} 44. Rf6+ {[%emt 0:00:16]} Ke5 {[%emt 0:00:04]} 45. Rg6 {[%emt 0:00:20]} Kf5 {[%emt 0:00:05]} 46. Ra6 {[%emt 0:00:02]} g4 {[%emt 0:00:07]} 47. Ra8 {[%emt 0:00:04]} Kf4 {[%emt 0:00:02]} 48. Rf8+ {[%emt 0:00:03]} Ke5 {[%emt 0:00:02]} 49. Ra8 {[%emt 0:00:02]} Kd4 {[%emt 0:00:04]} 50. Rd8+ {[%emt 0:00:18]} Ke5 {[%emt 0:00:09]} 51. Ra8 {[%emt 0:00:07]} Ra2+ {[%emt 0:00:07]} 52. Ke3 {[%emt 0:00:03]} Ra3+ {[%emt 0:00:01]} 53. Ke2 {[%emt 0:00:02]} Kd4 {[%emt 0:00:03]} 54. a6 {[%emt 0:00:13]} Ra2+ {[%emt 0:00:02]} 55. Kf1 {[%emt 0:00:03]} Ra1+ {[%emt 0:00:25]} 56. Kg2 {[%emt 0:00:07]} Kc5 {[%emt 0:00:25]} 57. a7 {[%emt 0:00:14]} Kb6 {[%emt 0:00:08]} 58. Re8 {[%emt 0:00:06]} Rxa7 {[%emt 0:00:10]} 59. Rxe4 {[%emt 0:00:03]} Rg7 {[%emt 0:00:18]} 60. Kg3 {[%emt 0:00:02]} Kc6 {[%emt 0:00:01]} 61. Rxg4 {[%emt 0:00:07]} Rf7 {[%emt 0:00:09]} 62. Rd4 {[%emt 0:00:18]} Rg7+ {[%emt 0:00:07]} 63. Kh4 {[%emt 0:00:09]} Kc5 {[%emt 0:00:04]} 64. Rd8 {[%emt 0:00:09]} Rf7 {[%emt 0:00:08]} 65. Kg3 {[%emt 0:00:03]} Rg7+ {[%emt 0:00:01]} 66. Kf3 {[%emt 0:00:02]} Rf7+ {[%emt 0:00:02]} 67. Ke3 {[%emt 0:00:06]} Re7+ {[%emt 0:00:01]} 68. Kd3 {[%emt 0:00:07]} Rf7 {[%emt 0:00:04]} 69. Ke2 {[%emt 0:00:02]} Re7+ {[%emt 0:00:02]} 70. Kf1 {[%emt 0:00:02]} Rf7 {[%emt 0:00:03]} 71. Rd2 {[%emt 0:00:06]} Kc4 {[%emt 0:00:04]} 72. Rd1 {[%emt 0:00:16]} Rf8 {[%emt 0:00:03]} 73. Kg2 {[%emt 0:00:07]} Rg8+ {[%emt 0:00:02]} 74. Kh3 {[%emt 0:00:01]} Rf8 {[%emt 0:00:05]} 75. Rd2 {[%emt 0:00:06]} Kc3 {[%emt 0:00:02]} 76. Ra2 {[%emt 0:00:04]} Rg8 {[%emt 0:00:04]} 77. f4 {[%emt 0:00:08]} Kd4 {[%emt 0:00:03]} 78. Re2 {[%emt 0:00:03]} Rh8+ {[%emt 0:00:03]} 79. Kg4 {[%emt 0:00:02]} Rg8+ {[%emt 0:00:01]} 80. Kf5 {[%emt 0:00:03]} Rf8+ {[%emt 0:00:01]} 81. Kg5 {[%emt 0:00:01]} Rg8+ {[%emt 0:00:02]} 82. Kh5 {[%emt 0:00:06]} Rf8 {[%emt 0:00:05]} 83. Kg5 {[%emt 0:00:05]} Rg8+ {[%emt 0:00:02]} 84. Kh4 {[%emt 0:00:02]} Rf8 {[%emt 0:00:02]} 85. Kg3 {[%emt 0:00:01]} Rg8+ {[%emt 0:00:01]} 86. Kf3 {[%emt 0:00:02]} Rf8 {[%emt 0:00:03]} 87. Re5 {[%emt 0:00:07]} Rf7 {[%emt 0:00:16]} 88. Ra5 {[%emt 0:00:03]} Rf8 {[%emt 0:00:07]} 89. f5 {[%emt 0:00:05]} Rh8 {[%emt 0:00:54]} 90. Kf4 {[%emt 0:00:05]} Rf8 {[%emt 0:00:03]} 91. Ra6 {[%emt 0:00:10]} Kd5 {[%emt 0:00:03]} 92. f6 {[%emt 0:00:04]} Rh8 {[%emt 0:00:13]} 93. Kf5 {[%emt 0:00:04]} Rh1 {[%emt 0:00:18]} 94. f7 {[%emt 0:00:16]} Rf1+ {[%emt 0:00:21]} 95. Kg6 {[%emt 0:00:03]} Rg1+ {[%emt 0:00:03]} 96. Kh6 {[%emt 0:00:08]} Rf1 {[%emt 0:00:07]} 97. Kg7 {[%emt 0:00:01]} Rg1+ {[%emt 0:00:02]} 98. Rg6 {[%emt 0:00:03]} 1-0

[Event "Gaprindashvili Cup Open II Stage 2020"]
[Site "Online"]
[Date "2020.11.08"]
[Round "8.16"]
[White "Kupatadze, Tornike"]
[Black "Tsereteli, Tornike"]
[Result "0-1"]
[WhiteElo "1657"]
[BlackElo "1765"]
[Annotator "NA RC"]
[PlyCount "82"]
[EventDate "2020.11.04"]
[EventType "swiss"]
[SourceTitle "playchess.com"]
[Source "ChessBase"]
[SourceQuality "1"]
[TimeControl "1500+5"]

1. e4 {[%emt 0:00:03]} Nf6 {[%emt 0:00:05]} 2. Nc3 {[%emt 0:00:05]} d5 {[%emt 0:00:08]} 3. exd5 {[%emt 0:00:05]} Nxd5 {[%emt 0:00:01]} 4. Bc4 {[%emt 0:00:05]} c6 {[%emt 0:00:02]} 5. Nf3 {[%emt 0:00:30]} Bf5 {[%emt 0:00:07]} 6. Nxd5 {[%emt 0:00:36]} cxd5 {[%emt 0:00:10]} 7. Bb5+ {[%emt 0:00:03]} Bd7 {[%emt 0:00:03]} 8. Bxd7+ {[%emt 0:00:06]} Nxd7 {[%emt 0:00:04]} 9. b3 {[%emt 0:00:04]} e6 {[%emt 0:00:17]} 10. Bb2 {[%emt 0:00:04]} Nf6 {[%emt 0:00:03]} 11. O-O {[%emt 0:00:02]} Be7 {[%emt 0:00:06]} 12. Re1 {[%emt 0:00:04]} O-O {[%emt 0:00:02]} 13. d3 {[%emt 0:00:04]} Rc8 {[%emt 0:00:07]} 14. c4 {[%emt 0:00:36]} Qa5 {[%emt 0:00:21]} 15. a3 {[%emt 0:01:37]} Rfd8 {[%emt 0:01:06]} 16. b4 {[%emt 0:00:12]} Qa6 {[%emt 0:00:07]} 17. c5 {[%emt 0:00:04]} b6 {[%emt 0:00:04]} 18. d4 {[%emt 0:00:06]} Ne4 {[%emt 0:00:18]} 19. a4 {[%emt 0:00:23]} Qc4 {[%emt 0:00:43]} 20. Ba3 {[%emt 0:01:12]} Bf6 {[%emt 0:00:56]} 21. Re3 {[%emt 0:02:19]} bxc5 {[%emt 0:01:19]} 22. Rc1 {[%emt 0:00:20]} Qa2 {[%emt 0:00:47]} 23. Rc2 {[%emt 0:00:11]} Qxc2 {[%emt 0:00:02]} 24. Qxc2 {[%emt 0:00:09]} cxd4 {[%emt 0:00:02]} 25. Qd1 {[%emt 0:01:00]} dxe3 {[%emt 0:00:02]} 26. fxe3 {[%emt 0:00:01]} Rc4 {[%emt 0:01:19]} 27. Nd2 {[%emt 0:01:38]} Nxd2 {[%emt 0:00:04]} 28. Qxd2 {[%emt 0:00:02]} Rdc8 {[%emt 0:00:02]} 29. Qe2 {[%emt 0:01:10]} d4 {[%emt 0:01:23]} 30. e4 {[%emt 0:00:36]} Rc2 {[%emt 0:02:25]} 31. Qb5 {[%emt 0:01:00]} g6 {[%emt 0:00:53]} 32. e5 {[%emt 0:00:23]} Bg5 {[%emt 0:00:07]} 33. h4 {[%emt 0:00:57]} Bxh4 {[%emt 0:01:13]} 34. Qd7 {[%emt 0:00:05]} Bg3 {[%emt 0:00:25]} 35. Kf1 {[%emt 0:00:05]} Bxe5 {[%emt 0:01:47]} 36. Bb2 {[%emt 0:00:13]} R8c4 {[%emt 0:00:44]} 37. Qb5 {[%emt 0:00:34]} Bf6 {[%emt 0:00:52]} 38. Ke1 {[%emt 0:00:44]} Rc8 {[%emt 0:00:53]} 39. Ba3 {[%emt 0:00:12]} R8c3 {[%emt 0:00:57]} 40. Kd1 {[%emt 0:00:28]} Rxg2 {[%emt 0:00:08]} 41. Qf1 {[%emt 0:00:39]} Rxa3 {[%emt 0:00:06]} 0-1

[Event "Gaprindashvili Cup Open II Stage 2020"]
[Site "Online"]
[Date "2020.11.08"]
[Round "8.17"]
[White "Liponava, Zurab"]
[Black "Gogolashvili, Giorgi"]
[Result "0-1"]
[WhiteElo "1800"]
[BlackElo "1448"]
[Annotator "NA RC"]
[PlyCount "68"]
[EventDate "2020.11.04"]
[EventType "swiss"]
[SourceTitle "playchess.com"]
[Source "ChessBase"]
[SourceQuality "1"]
[TimeControl "1500+5"]

1. e4 {[%emt 0:00:03]} e6 {[%emt 0:00:04]} 2. d4 {[%emt 0:00:03]} d5 {[%emt 0:00:03]} 3. e5 {[%emt 0:00:01]} c5 {[%emt 0:00:01]} 4. c3 {[%emt 0:00:02]} Nc6 {[%emt 0:00:03]} 5. Nf3 {[%emt 0:00:01]} Bd7 {[%emt 0:00:01]} 6. dxc5 {[%emt 0:00:03]} Bxc5 {[%emt 0:00:05]} 7. Bd3 {[%emt 0:00:02]} Nge7 {[%emt 0:00:08]} 8. O-O {[%emt 0:00:06]} Ng6 {[%emt 0:00:01]} 9. Qe2 {[%emt 0:00:10]} Qc7 {[%emt 0:00:19]} 10. Re1 {[%emt 0:00:03]} O-O {[%emt 0:00:17]} 11. b4 {[%emt 0:00:16]} Bb6 {[%emt 0:00:20]} 12. g3 {[%emt 0:00:28]} Rae8 {[%emt 0:00:54]} 13. a4 {[%emt 0:00:12]} a6 {[%emt 0:01:29]} 14. b5 {[%emt 0:00:43]} axb5 {[%emt 0:00:12]} 15. axb5 {[%emt 0:00:02]} Nce7 {[%emt 0:00:13]} 16. h4 {[%emt 0:00:42]} f6 {[%emt 0:03:04]} 17. Bxg6 {[%emt 0:07:08]} Nxg6 {[%emt 0:01:12]} 18. Kg2 {[%emt 0:02:17]} fxe5 {[%emt 0:00:16]} 19. h5 {[%emt 0:00:24]} e4 {[%emt 0:00:06]} 20. Nd4 {[%emt 0:00:19]} Ne5 {[%emt 0:00:49]} 21. Bf4 {[%emt 0:00:13]} Rxf4 {[%emt 0:00:04]} 22. gxf4 {[%emt 0:00:03]} Nd3 {[%emt 0:00:03]} 23. Qd2 {[%emt 0:02:09]} Nxf4+ {[%emt 0:00:10]} 24. Kh1 {[%emt 0:00:41]} e5 {[%emt 0:00:27]} 25. Ne2 {[%emt 0:00:14]} Nd3 {[%emt 0:00:25]} 26. Ng3 {[%emt 0:00:42]} Bxf2 {[%emt 0:00:45]} 27. Rg1 {[%emt 0:00:07]} Bxg1 {[%emt 0:00:12]} 28. Kxg1 {[%emt 0:00:02]} Qb6+ {[%emt 0:00:09]} 29. Kg2 {[%emt 0:00:07]} Rf8 {[%emt 0:00:15]} 30. Nh1 {[%emt 0:00:24]} Qf6 {[%emt 0:00:15]} 31. Na3 {[%emt 0:00:12]} Qf3+ {[%emt 0:00:07]} 32. Kg1 {[%emt 0:00:13]} Nf4 {[%emt 0:00:31]} 33. Ra2 {[%emt 0:00:37]} e3 {[%emt 0:00:42]} 34. Qe1 {[%emt 0:00:17]} e2 {[%emt 0:00:24]} 0-1

[Event "Gaprindashvili Cup Open II Stage 2020"]
[Site "Online"]
[Date "2020.11.08"]
[Round "8.19"]
[White "Paichadze, Luka"]
[Black "Nemsadze, Daviti"]
[Result "1-0"]
[WhiteElo "2565"]
[BlackElo "1690"]
[Annotator "TA"]
[PlyCount "37"]
[EventDate "2020.11.04"]
[EventType "swiss"]
[SourceTitle "playchess.com"]
[Source "ChessBase"]
[SourceQuality "1"]

{[%evp 9,37,-10,-6,-6,22,21,27,15,15,20,27,25,35,28,76,12,61,63,222,214,226,217,276,272,277,283,272,247,772,771]} 1. e4 c5 2. b3 Nc6 3. Bb2 d6 4. Bb5 e5 5. Ne2 Nf6 6. d3 {B20: Sicilian: Unusual White 2nd moves.} a6 7. Bxc6+ $1 bxc6 8. O-O {White has an edge.} Be7 9. f4 exf4 10. Nxf4 O-O 11. Nd2 d5 {[#]} 12. Qe1 $146 ({White should try} 12. Qe2 $16) ({Predecessor:} 12. e5 Ng4 13. Qe2 Qc7 14. h3 Nh6 15. Nh5 Bf5 16. Rf2 Bg6 17. Raf1 Rae8 18. g4 {0-1 (36) Kaczmarek,A (1821)-Snihur,P (1712) Poznan 2009}) 12... d4 13. Nc4 Be6 $2 {[#]} ({Better is} 13... a5 $14) 14. Nxe6 $18 fxe6 15. Qg3 Qb8 {Now ...Qxg3 and Black clings on.} 16. Qh3 Qc7 17. Qxe6+ Kh8 18. Bc1 Qd7 $2 {[#]} (18... Rae8 19. Bd2 Qc8) 19. Rxf6 $1 {[%mdl 512] Black got outplayed after the opening. Av CentiPawn Loss W=-8/B=-69. Weighted=-10/-126} 1-0

[Event "Gaprindashvili Cup Open II Stage 2020"]
[Site "Online"]
[Date "2020.11.08"]
[Round "8.20"]
[White "Lomsadze, Davit"]
[Black "Chighladze, Iveri"]
[Result "1-0"]
[WhiteElo "2303"]
[BlackElo "2335"]
[Annotator "TA"]
[PlyCount "95"]
[EventDate "2020.11.04"]
[EventType "swiss"]
[SourceTitle "playchess.com"]
[Source "ChessBase"]
[SourceQuality "1"]

{[%evp 10,95,-6,-22,0,0,70,20,26,18,50,34,45,49,95,95,140,138,158,137,141,140,139,140,133,145,207,156,220,224,224,223,284,285,285,211,248,211,347,306,623,583,836,835,833,821,1000,205,193,265,251,240,466,146,1250,284,518,202,710,165,149,173,170,172,165,168,173,110,108,106,582,582,639,621,5143,1383,1386,1166,1104,697,1095,571,29994,1146,29994,977,956,939]} 1. Nf3 Nf6 2. g3 g6 3. Bg2 Bg7 4. O-O O-O 5. d3 d5 6. Nc3 d4 {A07: Réti Opening: New York and Capablanca Systems.} 7. Na4 {[#]} Bd7 $146 (7... Re8 $11) ({Predecessor:} 7... Nc6 8. c4 dxc3 9. Nxc3 h6 10. d4 Be6 11. e4 Bg4 12. Be3 Ne8 13. e5 Qd7 14. Qb3 {1-0 (44) Hera,I (2477)-Kharlov,A (2572) Dresden 2007}) 8. c4 Ne8 {The position is equal.} 9. b4 a6 10. Nc5 Bc6 11. a4 Nd7 12. Nb3 $1 e5 13. Na5 Rb8 14. b5 axb5 15. axb5 Bxf3 16. Bxf3 Nd6 17. Ba3 Qc8 (17... e4 $16) 18. Qb3 {Threatens to win with c5.} Re8 (18... e4 $16) 19. c5 $1 $18 {[%cal Rc5d6]} e4 20. Bg2 ({Weaker is} 20. cxd6 exf3 21. exf3 c5 $14) 20... exd3 21. exd3 Nf5 22. Nxb7 Ne5 23. c6 Nh6 (23... h5 $142 24. b6 Bf8 25. Bxf8 Kxf8) 24. h3 Qf5 $2 (24... Nf5 25. Bc5 Bh6) 25. b6 {[%cal Bb5b6,Bb6c7][%mdl 32]} Nf3+ 26. Bxf3 Qxf3 27. bxc7 Rbc8 28. Rae1 $2 (28. Nd6 Qxc6 29. Nxe8 Qxe8 30. Rfe1) 28... Rxe1 29. Rxe1 Nf5 30. Bd6 {Hoping for Bf4.} Bf8 $2 (30... h5 {was worth a try.} 31. h4 Kh7) 31. Bf4 $2 (31. Be5 $1 $18 {is the precise move to win. Strongly threatening Nd8.} Qxc6 32. Qxf7+ $1 {[%mdl 576] Decoy} Kxf7 33. Nd8+ {[%mdl 64] Double Attack} Ke8 34. Nxc6) 31... g5 $2 {[%mdl 8192]} (31... Nh4 $16 32. gxh4 Qxf4) 32. Be5 $2 (32. Nd8 Nd6 33. Bxd6 Bxd6 34. Re8+ Kg7 35. Ne6+ $1 {[%mdl 576] Discovered Attack} fxe6 36. Rxc8) 32... Qxc6 $2 {[#]} (32... Bg7) 33. Na5 $2 $40 {[%mdl 128] Black is in trouble.} (33. Qxf7+ $1 {[%mdl 512]} Kxf7 34. Nd8+ {[%mdl 64] Double Attack} Ke8 35. Nxc6) 33... Qf3 $2 (33... Qc3 34. Qxc3 dxc3) 34. Qb7 $2 (34. Qb8 Qa8 35. Nc4) 34... Qxb7 35. Nxb7 {aiming for Rc1.} f6 36. Bxf6 {Black must now prevent Rc1.} Rxc7 37. Nd8 h6 38. Ne6 (38. Re5 $18 Ne7 39. Ne6 Rc1+ 40. Kg2) 38... Rc3 $16 39. Re5 Nd6 $2 {[%mdl 8192]} (39... Ng7 $16 {is more resistant.}) 40. Nxf8 $18 Nf7 41. Re8 Rxd3 42. Ne6+ Kh7 43. Bxd4 Nd6 44. Rd8 Ne4 45. Be5 Rb3 46. Rd4 (46. Rd7+ $142 Kg6 47. g4 Rb1+ 48. Kg2 Rg1+ 49. Kxg1 h5 50. Nf8+ Kh6 51. Rh7#) 46... Nc3 47. Kg2 (47. Rd7+ $142 Kg6 48. g4 Ne2+ {[%mdl 64] Discovered Attack} 49. Kg2 Rg3+ 50. fxg3 h5 51. Nf8+ Kh6 52. Rh7#) 47... Kg6 48. Rd3 {NOTEXT-5218: White=0.96/Black=0.77} 1-0

[Event "Gaprindashvili Cup Open II Stage 2020"]
[Site "Online"]
[Date "2020.11.08"]
[Round "9.1"]
[White "Pantsulaia, Levan"]
[Black "Paichadze, Luka"]
[Result "1-0"]
[WhiteElo "2553"]
[BlackElo "2565"]
[Annotator "TA"]
[PlyCount "87"]
[EventDate "2020.11.04"]
[EventType "swiss"]
[SourceTitle "playchess.com"]
[Source "ChessBase"]
[SourceQuality "1"]

{[%evp 9,87,23,50,48,77,91,87,85,85,85,81,91,96,90,83,111,93,99,94,94,152,137,191,104,113,134,128,115,127,108,122,59,87,76,43,1,2,-29,246,250,218,234,222,182,173,173,279,264,308,293,308,266,439,413,462,452,520,499,515,502,683,646,883,869,800,759,729,681,621,601,1971,1820,1800,2407,2027,1647,1459,992,1429,1039]} 1. Nf3 Nf6 2. g3 b5 3. Bg2 Bb7 4. O-O g6 5. Na3 {[%cal Bb1a3,Ba3c4,Bc4a5][%mdl 32]} b4 6. Nc4 {[#] A05: Réti Opening: 1 Nf3 Nf6.} Bg7 $146 ({Predecessor:} 6... a5 7. Nce5 Qc8 8. d4 Bg7 9. a3 d6 10. Nc4 Nbd7 11. Bh3 O-O 12. Qe1 Be4 13. axb4 axb4 14. Rxa8 Qxa8 15. Qxb4 Bxc2 {½-½ (20) Euwe,M-Gudmundsson,G Amsterdam 1950}) 7. Na5 Bxf3 8. Bxf3 {White is better.} c6 9. Nb3 $1 O-O 10. a3 bxa3 11. Rxa3 d5 12. d3 Nbd7 13. Be3 Qc7 14. Qa1 c5 ({Black should try} 14... e6) 15. c4 $1 $16 d4 {[#]} (15... Ne5 $16) 16. Bxa8 (16. Bf4 $1 $18 {[%cal Rf4c7]} Qb6 17. Ra5 (17. Bxa8 Rxa8 18. Qa2 a6 $18)) 16... dxe3 17. Bf3 exf2+ 18. Rxf2 Qb6 19. Nd2 Ne5 20. h3 ({White should play} 20. Rf1 $16) 20... Nxf3+ $14 21. Nxf3 (21. Rxf3 {keeps more tension.} Qe6 22. Qf1 Bh6 23. Nb1 Nd7 24. Rxa7 Ne5 25. Nc3) 21... Nh5 22. Rxa7 {Threatens to win with Kh2.} Nxg3 23. Ra8 Bxb2 $2 {[%mdl 8192] Black cannot hold the game after this.} (23... Qe6 $11) 24. Rxf8+ $18 Kxf8 {[#]} 25. Qb1 $1 Qb4 26. e3 Bc3 27. Qxb4 cxb4 {[%mdl 4096] Endgame KRN-KBN} (27... Bxb4 $142 28. Kh2 Nf5) 28. Ra2 Ke8 29. Kf2 Nf5 30. d4 Kd7 $2 (30... f6 31. Ke2 h5) 31. Ke2 f6 32. Kd3 {White is clearly winning.} g5 33. c5 h5 34. e4 Ng7 35. d5 g4 36. hxg4 hxg4 37. c6+ Kd6 38. Nd4 {Black must now prevent Nb5+.} Ne8 {and the idea ...Bxd4 leaves Black hopeful.} 39. Nb5+ Ke5 40. Ra8 Nd6 41. Nxd6 Kxd6 42. Rd8+ Kc7 43. Rd7+ {[%mdl 64] Double Attack} Kb6 44. Rb7+ {NOTEXT-5218: White=0.10/Black=0.41} 1-0